[Event "POL-chT 2nd League"]
[Site "Szklarska Poreba"]
[Date "2017.09.10"]
[Round "9.8"]
[White "Walter, Szymon"]
[Black "Sztwiertnia, Krzysztof"]
[Result "1/2-1/2"]
[WhiteElo "2263"]
[BlackElo "2105"]
[PlyCount "67"]
[EventDate "2017.09.02"]
[EventType "team-swiss"]
[EventRounds "9"]
[EventCountry "POL"]
[SourceTitle "CBM 180 Extra"]
[Source "ChessBase"]
[SourceDate "2017.10.06"]
[SourceVersion "1"]
[SourceVersionDate "2017.10.06"]
[SourceQuality "1"]
[WhiteTeam "Podlesie UKS 21"]
[BlackTeam "Chroscice Victoria"]
[WhiteTeamCountry "POL"]
[BlackTeamCountry "POL"]

1. e4 e5 2. Nf3 Nc6 3. Bb5 a6 4. Bxc6 dxc6 5. d4 exd4 6. Qxd4 Bg4 7. Qxd8+ Rxd8 8. Nbd2 Nf6 9. Ne5 Bc5 10. f3 Be6 11. Nd3 Bb6 12. Nf1 0-0 13. Be3 Bxe3 14. Nxe3 Rfe8 15. 0-0-0 Kf8 16. b3 Bc8 17. Kb2 b6 18. Rhe1 c5 19. c4 Bb7 20. Nf4 a5 21. a4 g6 22. Nfd5 Nxd5 23. Nxd5 Bxd5 24. exd5 f5 25. Kc3 Rxe1 26. Rxe1 Kf7 27. f4 Re8 28. Rxe8 Kxe8 29. h4 h5 30. g3 Ke7 31. Kd3 Kd6 32. Ke3 c6 33. dxc6 Kxc6 34. Kd3 1/2-1/2

[Event "POL-chT 2nd League"]
[Site "Szklarska Poreba"]
[Date "2017.09.08"]
[Round "7.9"]
[White "Walkusz, Witoslaw"]
[Black "Sztwiertnia, Krzysztof"]
[Result "1-0"]
[WhiteElo "2138"]
[BlackElo "2105"]
[PlyCount "119"]
[EventDate "2017.09.02"]
[EventType "team-swiss"]
[EventRounds "9"]
[EventCountry "POL"]
[SourceTitle "CBM 180 Extra"]
[Source "ChessBase"]
[SourceDate "2017.10.06"]
[SourceVersion "1"]
[SourceVersionDate "2017.10.06"]
[SourceQuality "1"]
[WhiteTeam "Czerwionka Leszczyny Skoczek"]
[BlackTeam "Chroscice Victoria"]
[WhiteTeamCountry "POL"]
[BlackTeamCountry "POL"]

1. e4 e5 2. Nf3 Nc6 3. Bb5 Nf6 4. d3 d6 5. c3 g6 6. 0-0 a6 7. Bxc6+ bxc6 8. Re1 Bg7 9. d4 Nd7 10. Nbd2 0-0 11. Nc4 Nb6 12. Na5 Bd7 13. dxe5 dxe5 14. Be3 Qe7 15. Qe2 Rfb8 16. b3 Be8 17. Nd2 Qe6 18. c4 Bf8 19. c5 Nd7 20. Rec1 Rb5 21. a4 Rbb8 22. Qc4 Qxc4 23. Rxc4 Nf6 24. h3 Rd8 25. Rac1 Rab8 26. Nf3 Nd5 27. exd5 cxd5 28. R4c2 f6 29. Rd1 c6 30. Bc1 Kf7 31. Bb2 Bg7 32. g4 h6 33. Re2 Rdc8 34. Rde1 Bd7 35. Bxe5 fxe5 36. Nxe5+ Bxe5 37. Rxe5 Re8 38. Rxe8 Bxe8 39. Kg2 Rb4 40. Kg3 g5 41. f3 Bd7 42. h4 Kf6 43. hxg5+ hxg5 44. Rh1 d4 45. Rh6+ Ke5 46. Rd6 Be8 47. Rd8 d3 48. Rxe8+ Kd5 49. Rd8+ Kxc5 50. Rxd3 Rf4 51. Rc3+ Kb4 52. Rc4+ Rxc4 53. Nxc4 Kxb3 54. Nb6 Kb4 55. f4 gxf4+ 56. Kxf4 Ka5 57. Nd7 Kxa4 58. Nc5+ Kb5 59. Nxa6 Kxa6 60. g5 1-0

[Event "POL-chT 2nd League"]
[Site "Szklarska Poreba"]
[Date "2017.09.03"]
[Round "2.10"]
[White "Sztwiertnia, Krzysztof"]
[Black "Rozycki, Bartlomiej"]
[Result "1/2-1/2"]
[WhiteElo "2105"]
[BlackElo "2157"]
[PlyCount "62"]
[EventDate "2017.09.02"]
[EventType "team-swiss"]
[EventRounds "9"]
[EventCountry "POL"]
[SourceTitle "CBM 180 Extra"]
[Source "ChessBase"]
[SourceDate "2017.10.06"]
[SourceVersion "1"]
[SourceVersionDate "2017.10.06"]
[SourceQuality "1"]
[WhiteTeam "Chroscice Victoria"]
[BlackTeam "Chylice Laura"]
[WhiteTeamCountry "POL"]
[BlackTeamCountry "POL"]

1. e4 e6 2. d4 d5 3. exd5 exd5 4. Nf3 Bd6 5. Bd3 Nc6 6. c3 Nge7 7. 0-0 Bg4 8. h3 Bh5 9. Nbd2 Qd7 10. Re1 0-0 11. Ne5 Bxd1 12. Nxd7 Rfd8 13. Nf6+ gxf6 14. Rxd1 Ng6 15. Nf3 Kg7 16. g3 Nce7 17. Re1 Re8 18. Kg2 Rad8 19. a4 a5 20. Bd2 c6 21. h4 Nf8 22. Re2 Nc8 23. Rae1 Rxe2 24. Rxe2 Ne7 25. h5 h6 26. Nh4 Ne6 27. Nf5+ Nxf5 28. Bxf5 Re8 29. Re1 Re7 30. b3 b6 31. Bc2 Rc7 1/2-1/2

[Event "POL-chT 1st League"]
[Site "Poronin"]
[Date "2016.09.11"]
[Round "9.5"]
[White "Sztwiertnia, Krzysztof"]
[Black "Reza, Wojciech"]
[Result "0-1"]
[WhiteElo "2128"]
[BlackElo "2310"]
[PlyCount "84"]
[EventDate "2016.09.03"]
[EventType "team-tourn"]
[EventRounds "9"]
[EventCountry "POL"]
[SourceTitle "CBM 174 Extra"]
[Source "ChessBase"]
[SourceDate "2016.10.10"]
[SourceVersion "1"]
[SourceVersionDate "2016.10.10"]
[SourceQuality "1"]
[WhiteTeam "Chroscice Victoria"]
[BlackTeam "Gliwice Akademia Szachowa"]
[WhiteTeamCountry "POL"]
[BlackTeamCountry "POL"]

1. e4 c5 2. Nc3 Nc6 3. Bb5 Nd4 4. Bc4 e6 5. Nge2 Ne7 6. 0-0 Nec6 7. d3 Be7 8. f4 d6 9. f5 0-0 10. a3 exf5 11. Ng3 fxe4 12. dxe4 Ne5 13. Ba2 Bg4 14. Qd2 h6 15. Nd5 Bg5 16. Qf2 Bh4 17. Re1 Be6 18. Bf4 Ng6 19. Be3 Bxg3 20. hxg3 Nc6 21. Rad1 Nce5 22. Bc1 Ng4 23. Qe2 N6e5 24. Rf1 Rc8 25. Qb5 Rb8 26. a4 a6 27. Qe2 b5 28. axb5 axb5 29. c3 c4 30. Bb1 Bxd5 31. exd5 g6 32. Kh1 f5 33. Rd4 Qd7 34. Rdf4 Rbe8 35. Qd2 Qg7 36. Bc2 Nd7 37. R4f3 Nc5 38. Qf4 Qe5 39. Bd2 Qxd5 40. Rd1 Ne6 41. Qxg4 fxg4 42. Rxf8+ Rxf8 0-1

[Event "POL-chT 1st League"]
[Site "Poronin"]
[Date "2016.09.09"]
[Round "7.4"]
[White "Sztwiertnia, Krzysztof"]
[Black "Raszka, Janusz"]
[Result "0-1"]
[WhiteElo "2128"]
[BlackElo "2139"]
[PlyCount "122"]
[EventDate "2016.09.03"]
[EventType "team-tourn"]
[EventRounds "9"]
[EventCountry "POL"]
[SourceTitle "CBM 174 Extra"]
[Source "ChessBase"]
[SourceDate "2016.10.10"]
[SourceVersion "1"]
[SourceVersionDate "2016.10.10"]
[SourceQuality "1"]
[WhiteTeam "Chroscice Victoria"]
[BlackTeam "Pawlowice Gminy"]
[WhiteTeamCountry "POL"]
[BlackTeamCountry "POL"]

1. e4 c5 2. Nc3 e6 3. f4 a6 4. Nf3 Qc7 5. g3 b5 6. Bg2 Bb7 7. d3 b4 8. Ne2 Nf6 9. 0-0 c4 10. Ne5 d5 11. exd5 cxd3 12. Nxd3 Bxd5 13. Nd4 Nc6 14. Nxc6 Qxc6 15. Qe2 Bxg2 16. Qxg2 Qxg2+ 17. Kxg2 Rc8 18. Rf2 Be7 19. Re2 g6 20. a3 bxa3 21. b3 Nd5 22. c4 Nc3 23. Rc2 Nb5 24. Raa2 Nd4 25. Rc3 0-0 26. b4 Rfd8 27. Raxa3 a5 28. Rxa5 Ne2 29. Rc2 Rxd3 30. Rxe2 Bxb4 31. Ra7 Rxc4 32. Bb2 Rc8 33. g4 Rd2 34. Rxd2 Bxd2 35. Kf3 Bc3 36. Bxc3 Rxc3+ 37. Ke4 Rc2 38. f5 exf5+ 39. gxf5 Kg7 40. fxg6 hxg6 41. h3 Rc3 42. Kf4 Rxh3 43. Kg4 Rb3 44. Kg5 Rb5+ 45. Kg4 Rf5 46. Ra8 f6 47. Rd8 Ra5 48. Rd7+ Kh6 49. Rd8 Ra4+ 50. Kg3 f5 51. Rd3 g5 52. Rb3 Kh5 53. Kg2 f4 54. Kg1 g4 55. Kg2 Kh4 56. Rb8 Ra2+ 57. Kg1 Ra1+ 58. Kg2 f3+ 59. Kf2 Ra2+ 60. Kg1 Kg3 61. Rb1 Re2 0-1

[Event "POL-chT 1st League"]
[Site "Poronin"]
[Date "2016.09.08"]
[Round "6.3"]
[White "Robak, Zbigniew"]
[Black "Sztwiertnia, Krzysztof"]
[Result "1-0"]
[WhiteElo "2204"]
[BlackElo "2128"]
[PlyCount "77"]
[EventDate "2016.09.03"]
[EventType "team-tourn"]
[EventRounds "9"]
[EventCountry "POL"]
[SourceTitle "CBM 174 Extra"]
[Source "ChessBase"]
[SourceDate "2016.10.10"]
[SourceVersion "1"]
[SourceVersionDate "2016.10.10"]
[SourceQuality "1"]
[WhiteTeam "Znin Baszta"]
[BlackTeam "Chroscice Victoria"]
[WhiteTeamCountry "POL"]
[BlackTeamCountry "POL"]

1. e4 e5 2. Nf3 Nc6 3. Bb5 g6 4. 0-0 Bg7 5. c3 a6 6. Ba4 d6 7. h3 Bd7 8. d4 Nf6 9. Re1 0-0 10. d5 Ne7 11. Bxd7 Qxd7 12. c4 c6 13. Nc3 h6 14. Be3 c5 15. Nd2 Nh7 16. Qa4 Qd8 17. b4 f5 18. f3 b6 19. Rab1 f4 20. Bf2 g5 21. Rb2 h5 22. Reb1 g4 23. hxg4 hxg4 24. fxg4 Ng6 25. Nf3 Qc8 26. bxc5 bxc5 27. Rb7 Rd8 28. Nh2 f3 29. g3 Ng5 30. Qc6 Qxc6 31. dxc6 Rf8 32. c7 Rac8 33. R1b6 Rf7 34. Rxd6 Nf8 35. Nd5 Nxe4 36. Rd8 Nxf2 37. Kxf2 e4 38. Rxc8 Bd4+ 39. Ne3 1-0

[Event "POL-chT 1st League"]
[Site "Poronin"]
[Date "2016.09.03"]
[Round "1.1"]
[White "Polok, Kacper"]
[Black "Sztwiertnia, Krzysztof"]
[Result "1-0"]
[WhiteElo "2299"]
[BlackElo "2128"]
[PlyCount "79"]
[EventDate "2016.09.03"]
[EventType "team-tourn"]
[EventRounds "9"]
[EventCountry "POL"]
[SourceTitle "CBM 174 Extra"]
[Source "ChessBase"]
[SourceDate "2016.10.10"]
[SourceVersion "1"]
[SourceVersionDate "2016.10.10"]
[SourceQuality "1"]
[WhiteTeam "Raciborz Silesia"]
[BlackTeam "Chroscice Victoria"]
[WhiteTeamCountry "POL"]
[BlackTeamCountry "POL"]

1. e4 e5 2. Nf3 Nc6 3. d4 exd4 4. Nxd4 Nf6 5. Nc3 Bb4 6. Nxc6 bxc6 7. Bd3 d5 8. exd5 cxd5 9. 0-0 0-0 10. Bg5 c6 11. Ne2 Bd6 12. Nd4 Be5 13. Nxc6 Bxh2+ 14. Kxh2 Qd6+ 15. Kg1 Qxc6 16. Bxf6 Qxf6 17. Qh5 h6 18. Qxd5 Rb8 19. Qe4 g6 20. b3 Rd8 21. Rae1 Bb7 22. Qe5 Qb6 23. Qf4 Qc6 24. Be4 Qc5 25. c4 h5 26. Bxb7 Rxb7 27. Re5 Qd4 28. Qf6 Kh7 29. Rfe1 a5 30. Qf3 Ra7 31. Re7 Rxe7 32. Rxe7 Qd1+ 33. Qxd1 Rxd1+ 34. Kh2 Rd2 35. Rxf7+ Kg8 36. Ra7 Rxa2 37. b4 Rc2 38. b5 Rxc4 39. b6 Rb4 40. b7 1-0

[Event "POL-chT 2nd League"]
[Site "Jastrzebia Gora"]
[Date "2015.09.07"]
[Round "3.71"]
[White "Sztwiertnia, Krzysztof"]
[Black "Suliborski, Artur"]
[Result "1-0"]
[WhiteElo "2109"]
[BlackElo "1884"]
[PlyCount "77"]
[EventDate "2015.09.05"]
[EventType "team-swiss"]
[EventRounds "9"]
[EventCountry "POL"]
[SourceTitle "EXT 2017"]
[Source "ChessBase"]
[SourceDate "2016.10.25"]
[SourceVersion "1"]
[SourceVersionDate "2016.10.25"]
[SourceQuality "1"]
[WhiteTeam "Chroscice LZS Victoria"]
[BlackTeam "Minsk Mazowiecki MTSz"]
[WhiteTeamCountry "POL"]
[BlackTeamCountry "POL"]

1. e4 c5 2. Nf3 Nc6 3. Bb5 e6 4. 0-0 Nge7 5. Re1 d6 6. d4 cxd4 7. Nxd4 Bd7 8. Nc3 Nxd4 9. Bxd7+ Qxd7 10. Qxd4 Nc6 11. Qd3 Be7 12. Bf4 0-0 13. Rad1 Rfd8 14. Rd2 h5 15. Red1 e5 16. Be3 Qg4 17. Nd5 Bf8 18. f3 Qc8 19. Qe2 Ne7 20. Nc3 Ng6 21. Nb5 Nf4 22. Qf2 Qc4 23. Nc3 g6 24. Qf1 Qc6 25. Bxf4 exf4 26. Nd5 Kh8 27. Qd3 Bg7 28. Nxf4 Qb6+ 29. Kh1 Qxb2 30. Qb3 Qxb3 31. axb3 a5 32. Nd5 Ra6 33. Nc7 Rc6 34. Nb5 Be5 35. g3 g5 36. Rd5 f6 37. f4 Bb2 38. Nxd6 Kg8 39. Nc4 1-0

[Event "POL-chT 2nd League"]
[Site "Jastrzebia Gora"]
[Date "2015.09.05"]
[Round "1.95"]
[White "Sztwiertnia, Krzysztof"]
[Black "Bielawski, Michal"]
[Result "1-0"]
[WhiteElo "2109"]
[BlackElo "2036"]
[PlyCount "65"]
[EventDate "2015.09.05"]
[EventType "team-swiss"]
[EventRounds "9"]
[EventCountry "POL"]
[SourceTitle "EXT 2017"]
[Source "ChessBase"]
[SourceDate "2016.10.25"]
[SourceVersion "1"]
[SourceVersionDate "2016.10.25"]
[SourceQuality "1"]
[WhiteTeam "Chroscice LZS Victoria"]
[BlackTeam "Stara Wies Parnas"]
[WhiteTeamCountry "POL"]
[BlackTeamCountry "POL"]

1. e4 d6 2. d4 Nf6 3. Nc3 g6 4. Nf3 Bg7 5. Be2 0-0 6. 0-0 Nc6 7. d5 Ne5 8. Nxe5 dxe5 9. Be3 a6 10. a4 Qd6 11. Qd3 Rd8 12. Rfd1 Bf8 13. Qc4 Ne8 14. a5 Qf6 15. Na4 Bd7 16. Qb3 Bxa4 17. Rxa4 Nd6 18. f3 Rab8 19. c4 e6 20. c5 Ne8 21. dxe6 Rxd1+ 22. Bxd1 Qxe6 23. Qxe6 fxe6 24. Rb4 Nf6 25. Ba4 Kf7 26. Bc6 h5 27. Rxb7 Rxb7 28. Bxb7 Nd7 29. b4 Nb8 30. b5 axb5 31. a6 Nxa6 32. Bxa6 c6 33. Bb7 1-0

[Event "POL-chT 2nd League"]
[Site "Lazy"]
[Date "2012.09.09"]
[Round "9"]
[White "Gluszko, Tomasz"]
[Black "Sztwiertnia, Krzysztof"]
[Result "1-0"]
[WhiteElo "2169"]
[BlackElo "2073"]
[PlyCount "59"]
[EventDate "2012.09.01"]
[EventType "team-swiss"]
[EventRounds "9"]
[EventCountry "POL"]
[SourceTitle "EXT 2019"]
[Source "ChessBase"]
[SourceDate "2018.10.10"]
[SourceVersion "1"]
[SourceVersionDate "2018.10.10"]
[SourceQuality "1"]
[WhiteTeam "Warszawa Sharks"]
[BlackTeam "Chroscice LZS Victoria"]
[WhiteTeamCountry "POL"]
[BlackTeamCountry "POL"]

1. e4 Nf6 2. e5 Nd5 3. d4 d6 4. c4 Nb6 5. exd6 exd6 6. Nc3 Be7 7. h3 Nc6 8. Nf3 Bf5 9. Be3 0-0 10. d5 Ne5 11. Nd4 Bd7 12. b3 Bg5 13. f4 Bh4+ 14. Kd2 Ng6 15. Qf3 Bf6 16. Bd3 Rc8 17. Rac1 c5 18. Nde2 Nh4 19. Qf2 Bf5 20. g4 Bxd3 21. Kxd3 g6 22. Ne4 Bg7 23. f5 Nd7 24. Bg5 Bd4 25. Qxh4 Qa5 26. Nxd4 cxd4 27. Bf6 Rfe8 28. Qh6 Nc5+ 29. Ke2 Rxe4+ 30. Kf1 1-0

[Event "POL-chT 2nd League"]
[Site "Lazy"]
[Date "2012.09.08"]
[Round "8"]
[White "Lewandowski, Miroslaw"]
[Black "Sztwiertnia, Krzysztof"]
[Result "1-0"]
[WhiteElo "2042"]
[BlackElo "2073"]
[PlyCount "67"]
[EventDate "2012.09.01"]
[EventType "team-swiss"]
[EventRounds "9"]
[EventCountry "POL"]
[SourceTitle "EXT 2019"]
[Source "ChessBase"]
[SourceDate "2018.10.10"]
[SourceVersion "1"]
[SourceVersionDate "2018.10.10"]
[SourceQuality "1"]
[WhiteTeam "Gdynia Korsarz"]
[BlackTeam "Chroscice LZS Victoria"]
[WhiteTeamCountry "POL"]
[BlackTeamCountry "POL"]

1. e4 Nf6 2. e5 Nd5 3. Nc3 Nxc3 4. dxc3 d6 5. Bc4 Nc6 6. Nf3 Bf5 7. Qe2 e6 8. Bf4 Be7 9. 0-0-0 0-0 10. h3 d5 11. Rh2 Qb8 12. Bd3 Bxd3 13. Qxd3 Na5 14. h4 c5 15. Ng5 g6 16. Qg3 Nc6 17. h5 Bxg5 18. Qxg5 f6 19. exf6 Qd8 20. f7+ Rxf7 21. hxg6 Rf5 22. Qh6 Qe7 23. g4 Rff8 24. Bd6 Qg7 25. Bxf8 Rxf8 26. gxh7+ Kh8 27. Qxe6 Qg5+ 28. Kb1 d4 29. Rh5 Qg7 30. Rxc5 dxc3 31. bxc3 Qc7 32. Rf5 Qb6+ 33. Kc1 Rxf5 34. Qg8# 1-0

[Event "Chorzow op"]
[Site "Chorzow"]
[Date "2010.03.26"]
[Round "7"]
[White "Kempa, Stefan"]
[Black "Sztwiertnia, Krzysztof"]
[Result "0-1"]
[WhiteElo "2072"]
[BlackElo "2082"]
[PlyCount "96"]
[EventDate "2010.03.20"]
[EventType "swiss"]
[EventRounds "9"]
[EventCountry "POL"]
[SourceTitle "EXT 2012"]
[Source "ChessBase"]
[SourceDate "2011.11.24"]
[SourceVersion "1"]
[SourceVersionDate "2011.11.24"]
[SourceQuality "1"]

1. Nf3 Nf6 2. c4 g6 3. Nc3 Bg7 4. d4 0-0 5. e4 d6 6. h3 e5 7. dxe5 dxe5 8. Qxd8 Rxd8 9. Bg5 Rf8 10. 0-0-0 Nc6 11. Bd3 h6 12. Be3 a6 13. g4 Kh7 14. a3 Ne8 15. Bc5 Rg8 16. Bc2 Be6 17. b3 Bf8 18. Bxf8 Rxf8 19. Rhe1 f6 20. Nd5 Rf7 21. Ne3 Nd6 22. Kb2 b5 23. c5 Nb7 24. b4 a5 25. Bb3 Bxb3 26. Kxb3 axb4 27. axb4 Ra4 28. Nc2 Nxb4 29. Nxb4 Nxc5+ 30. Kc3 Ra3+ 31. Kd2 Rxf3 32. Ke2 Rxh3 33. f3 Ne6 34. Nc6 Nf4+ 35. Kf2 Rh2+ 36. Kg1 Rg2+ 37. Kf1 Rc2 38. Rc1 Rxc1 39. Rxc1 h5 40. g5 h4 41. gxf6 h3 42. Rc2 Rxf6 43. Nxe5 c5 44. Kg1 c4 45. Kh2 Nd3 46. Nxd3 cxd3 47. Rc7+ Kh6 48. Kg3 Rd6 0-1

[Event "Chorzow op"]
[Site "Chorzow"]
[Date "2010.03.21"]
[Round "2"]
[White "Sztwiertnia, Krzysztof"]
[Black "Rychlik, Bogdan"]
[Result "1-0"]
[WhiteElo "2082"]
[BlackElo "1906"]
[PlyCount "51"]
[EventDate "2010.03.20"]
[EventType "swiss"]
[EventRounds "9"]
[EventCountry "POL"]
[SourceTitle "EXT 2012"]
[Source "ChessBase"]
[SourceDate "2011.11.24"]
[SourceVersion "1"]
[SourceVersionDate "2011.11.24"]
[SourceQuality "1"]

1. e4 c5 2. Na3 Nc6 3. Bb5 Nd4 4. Bc4 e6 5. c3 Nc6 6. Nf3 g6 7. 0-0 Bg7 8. d4 cxd4 9. cxd4 a6 10. Bb3 b5 11. Bf4 d6 12. d5 Na5 13. dxe6 fxe6 14. Bxd6 Nxb3 15. axb3 Bb7 16. e5 Bd5 17. Nd4 Ne7 18. Qg4 Nf5 19. Nxf5 exf5 20. Qe2 Qb6 21. Rfc1 Bc6 22. Rc5 Kd7 23. Rd1 Ke6 24. b4 Rac8 25. Qc2 Kf7 26. Qb3+ 1-0

[Event "Chorzow op 45th"]
[Site "Chorzow"]
[Date "2009.04.03"]
[Round "7"]
[White "Faron, Rafal"]
[Black "Sztwiertnia, Krzysztof"]
[Result "0-1"]
[WhiteElo "1707"]
[BlackElo "2021"]
[PlyCount "84"]
[EventDate "2009.03.28"]
[EventType "swiss"]
[EventRounds "9"]
[EventCountry "POL"]
[SourceTitle "CBM 129 Extra"]
[Source "ChessBase"]
[SourceDate "2009.05.05"]
[SourceVersion "2"]
[SourceVersionDate "2009.05.20"]
[SourceQuality "1"]

1. e4 c5 2. Nf3 d6 3. d4 cxd4 4. Nxd4 Nf6 5. Nc3 a6 6. Be2 e5 7. Nb3 Be6 8. Be3 Nbd7 9. 0-0 Be7 10. Kh1 Qc7 11. f4 exf4 12. Bxf4 0-0 13. Nd4 Ne5 14. Bxe5 dxe5 15. Nxe6 fxe6 16. Bg4 Qc6 17. Bf3 b5 18. a3 a5 19. Qe2 b4 20. axb4 axb4 21. Qb5 Rxa1 22. Rxa1 Rc8 23. Ra6 Qxb5 24. Nxb5 Rxc2 25. g3 Rxb2 26. Rxe6 Bf8 27. Rxe5 Rf2 28. Rf5 b3 29. Bd1 b2 30. Bb3+ Kh8 31. Ba2 Nxe4 32. Rxf2 Nxf2+ 33. Kg2 Ne4 34. Bb1 Nd2 35. Bf5 b1R 36. Bxb1 Nxb1 37. Nd4 Be7 38. Kf3 g6 39. Ne6 Nd2+ 40. Kg4 Nf1 41. h3 Bd6 42. Nf4 Nh2+ 0-1

[Event "Tarnowskie Gory Piasta Memorial 6th"]
[Site "Tarnowskie Gory"]
[Date "2008.08.02"]
[Round "10.6"]
[White "Sztwiertnia, Krzysztof"]
[Black "Janiszewski, Maciej"]
[Result "0-1"]
[WhiteElo "2024"]
[BlackElo "2072"]
[PlyCount "62"]
[EventDate "2008.07.26"]
[EventType "swiss"]
[EventRounds "10"]
[EventCountry "POL"]
[SourceTitle "EXT 2023"]
[Source "ChessBase"]
[SourceDate "2022.10.05"]
[SourceVersion "1"]
[SourceVersionDate "2022.10.05"]
[SourceQuality "1"]

1. e4 c5 2. Nf3 g6 3. d4 Bg7 4. c4 cxd4 5. Nxd4 Nc6 6. Nc2 Nf6 7. Nc3 0-0 8. Be2 d6 9. 0-0 Ne5 10. Bd2 Be6 11. b3 Rc8 12. f3 a6 13. Kh1 Qd7 14. Qe1 h5 15. Rd1 Rc7 16. Be3 Rfc8 17. Na4 Bxc4 18. Nb6 Bxe2 19. Nxd7 Rxc2 20. Nxe5 dxe5 21. Rf2 Bxd1 22. Qxd1 Rxf2 23. Bxf2 Bh6 24. Qe2 Rc1+ 25. Bg1 h4 26. g3 h3 27. f4 exf4 28. Qd2 fxg3 29. Qd8+ Kh7 30. hxg3 Ng4 31. Qxe7 h2 0-1

[Event "Tarnowskie Gory Piasta Memorial 6th"]
[Site "Tarnowskie Gory"]
[Date "2008.07.30"]
[Round "7.8"]
[White "Breuer, Falk"]
[Black "Sztwiertnia, Krzysztof"]
[Result "0-1"]
[WhiteElo "2026"]
[BlackElo "2024"]
[PlyCount "64"]
[EventDate "2008.07.26"]
[EventType "swiss"]
[EventRounds "10"]
[EventCountry "POL"]
[SourceTitle "EXT 2023"]
[Source "ChessBase"]
[SourceDate "2022.10.05"]
[SourceVersion "1"]
[SourceVersionDate "2022.10.05"]
[SourceQuality "1"]

1. e4 c5 2. Nf3 Nc6 3. d3 d6 4. g3 e5 5. Bg2 Be7 6. 0-0 Bg4 7. Nbd2 Qd7 8. c3 Nf6 9. Nc4 Bh3 10. Bg5 Bxg2 11. Kxg2 0-0 12. Nh4 d5 13. Nd2 Ne8 14. Bxe7 Nxe7 15. Nhf3 Ng6 16. h3 Kh8 17. Qb3 Nf6 18. Kh2 Rad8 19. Rfe1 Qc7 20. Rac1 c4 21. dxc4 dxe4 22. Nxe4 Nxe4 23. Rxe4 f5 24. Re2 Qc6 25. Nd2 e4 26. Qb5 Qc7 27. Rg1 Ne5 28. Rf1 Rxd2 29. Rxd2 Nf3+ 30. Kg2 Nxd2 31. Rd1 Qxc4 32. Qd7 e3 0-1

[Event "Tarnowskie Gory Piasta Memorial 6th"]
[Site "Tarnowskie Gory"]
[Date "2008.07.28"]
[Round "5.10"]
[White "Ociepka, Tomasz"]
[Black "Sztwiertnia, Krzysztof"]
[Result "0-1"]
[WhiteElo "1911"]
[BlackElo "2024"]
[PlyCount "110"]
[EventDate "2008.07.26"]
[EventType "swiss"]
[EventRounds "10"]
[EventCountry "POL"]
[SourceTitle "EXT 2023"]
[Source "ChessBase"]
[SourceDate "2022.10.05"]
[SourceVersion "1"]
[SourceVersionDate "2022.10.05"]
[SourceQuality "1"]

1. e4 c5 2. Ne2 d6 3. d4 cxd4 4. Nxd4 Nf6 5. Nc3 a6 6. Bc4 e6 7. Bb3 Nc6 8. Be3 Be7 9. f4 Qc7 10. Qf3 0-0 11. g4 Nxd4 12. Bxd4 e5 13. Be3 Bxg4 14. Qg3 exf4 15. Bxf4 Be6 16. 0-0-0 Nh5 17. Qf3 Nxf4 18. Qxf4 Rad8 19. Nd5 Bxd5 20. Bxd5 Bf6 21. Rhg1 Be5 22. Qg4 Rc8 23. Bb3 Qe7 24. Rdf1 Rc7 25. Rf5 Kh8 26. h4 b5 27. Rgf1 f6 28. Qe2 Rd8 29. Kb1 Rb8 30. R5f3 a5 31. a3 a4 32. Bd5 b4 33. b3 bxa3 34. Ka2 axb3+ 35. Rxb3 Rxb3 36. Bxb3 Rc5 37. Rd1 Qc7 38. Rd3 Rc3 39. Qd2 Rxd3 40. cxd3 Qc3 41. Qxc3 Bxc3 42. Kxa3 g6 43. Bd1 h5 44. Kb3 Be1 45. Kc4 Bxh4 46. Kd5 Bg3 47. Ke6 Kg7 48. Bf3 Be5 49. Be2 Kh6 50. Bf3 Kg5 51. Kf7 Kf4 52. Bg2 Kg3 53. Bh1 g5 54. Kg6 h4 55. Kf5 g4 0-1

[Event "POL-chT3 Slaskie"]
[Site "Poland"]
[Date "2008.05.11"]
[Round "9.81"]
[White "Sztwiertnia, Krzysztof"]
[Black "Morkisz, Bogdan"]
[Result "0-1"]
[WhiteElo "2024"]
[BlackElo "2132"]
[PlyCount "124"]
[EventDate "2008.02.03"]
[EventType "team-swiss"]
[EventRounds "9"]
[EventCountry "POL"]
[SourceTitle "EXT 2019"]
[Source "ChessBase"]
[SourceDate "2018.10.10"]
[SourceVersion "1"]
[SourceVersionDate "2018.10.10"]
[SourceQuality "1"]

1. e4 e5 2. Nf3 Nc6 3. Bb5 a6 4. Ba4 Nf6 5. 0-0 b5 6. Bb3 Be7 7. Re1 0-0 8. c3 d6 9. h3 Bb7 10. d4 h6 11. Nbd2 Re8 12. Nf1 Bf8 13. Ng3 Na5 14. Bc2 c5 15. d5 Bc8 16. b3 Bd7 17. Be3 g6 18. Qd2 Kh7 19. Kh1 Bg7 20. Rg1 Qc8 21. Nh2 Nb7 22. Raf1 c4 23. b4 a5 24. a3 axb4 25. axb4 Ra2 26. Ra1 Qa8 27. Rxa2 Qxa2 28. Bb1 Qxd2 29. Bxd2 Ng8 30. Ba2 f5 31. f3 Ra8 32. Bb1 Ne7 33. Ne2 Bf6 34. Be3 Kg7 35. Rd1 Nc8 36. Nf1 f4 37. Bf2 Bd8 38. Rd2 Ra1 39. Rb2 g5 40. Nd2 h5 41. Ra2 Rxa2 42. Bxa2 g4 43. hxg4 hxg4 44. Nxc4 bxc4 45. Bxc4 Bb6 46. Bxb6 Nxb6 47. Ba6 Nd8 48. c4 Na4 49. Nc1 Nf7 50. Nd3 Ng5 51. c5 gxf3 52. gxf3 Nxf3 53. c6 Nb6 54. cxd7 Nxd7 55. b5 Kf6 56. Bc8 Ke7 57. Nf2 Kd8 58. Bb7 Kc7 59. Bc6 Nc5 60. Nd1 Nxe4 61. Nb2 Nd4 62. Be8 Nf6 0-1

[Event "POL-chT3 Slaskie"]
[Site "Poland"]
[Date "2008.03.02"]
[Round "6.101"]
[White "Sztwiertnia, Krzysztof"]
[Black "Slezak, Robert"]
[Result "1/2-1/2"]
[WhiteElo "2024"]
[BlackElo "2127"]
[PlyCount "142"]
[EventDate "2008.02.03"]
[EventType "team-swiss"]
[EventRounds "9"]
[EventCountry "POL"]
[SourceTitle "EXT 2019"]
[Source "ChessBase"]
[SourceDate "2018.10.10"]
[SourceVersion "1"]
[SourceVersionDate "2018.10.10"]
[SourceQuality "1"]

1. e4 c5 2. Nc3 Nc6 3. Nf3 d6 4. d4 cxd4 5. Nxd4 e5 6. Ndb5 a6 7. Na3 b5 8. Nd5 Nce7 9. Be3 Nxd5 10. Qxd5 Be6 11. Qd2 Nf6 12. c4 Nxe4 13. Qd3 Qa5+ 14. Ke2 Nf6 15. cxb5 e4 16. Qc3 axb5 17. Qxa5 Rxa5 18. Ke1 b4 19. Nc4 Bxc4 20. Bxc4 Be7 21. Ke2 0-0 22. Rhd1 Rc8 23. Rac1 Rca8 24. Bd4 Ne8 25. Bb3 g6 26. Rc6 Rb8 27. Rdc1 Ng7 28. Rc8+ Rxc8 29. Rxc8+ Bf8 30. Bf6 Ra7 31. Ke3 Ne6 32. Kxe4 Nc5+ 33. Kd5 Nd7 34. Bd4 Ra5+ 35. Kc6 Nc5 36. Bd5 Ra7 37. Rc7 Rxc7+ 38. Kxc7 Na4 39. a3 bxa3 40. bxa3 Bh6 41. Kxd6 Bf8+ 42. Kd7 Bxa3 43. Ke8 h5 44. Bxf7+ Kh7 45. Bd5 Nc5 46. Kf7 Bb4 47. f3 Ba3 48. Ba2 Nb7 49. Bb1 Nd6+ 50. Kf6 Ne8+ 51. Kg5 Be7+ 52. Kf4 Bd6+ 53. Be5 Bxe5+ 54. Kxe5 Kg7 55. f4 Nf6 56. h3 Nd7+ 57. Ke6 Nf8+ 58. Ke7 Nh7 59. Bd3 Nf6 60. Ke6 Nh7 61. g4 hxg4 62. hxg4 Nf6 63. Be2 Ne4 64. Bf3 Nf6 65. g5 Nh7 66. Be4 Nf8+ 67. Ke7 Nh7 68. Bd3 Nf8 69. f5 gxf5 70. Bxf5 Ng6+ 71. Bxg6 Kxg6 1/2-1/2